¿Por qué tengo miedo de decirte quien soy? (Registro nro. 61396)
[ vista simple ]
| 000 -LEADER | |
|---|---|
| fixed length control field | 00563nam a2200193 a 4500 |
| 001 - CONTROL NUMBER | |
| control field | 61396 |
| 005 - DATE AND TIME OF LATEST TRANSACTION | |
| control field | 20180714063019.0 |
| 008 - FIXED-LENGTH DATA ELEMENTS--GENERAL INFORMATION | |
| fixed length control field | 140826s2012 mx 000 spa d |
| 020 ## - INTERNATIONAL STANDARD BOOK NUMBER | |
| International Standard Book Number | 978-607-607-07-1382-8 |
| 100 #1 - MAIN ENTRY--PERSONAL NAME | |
| Personal name | S. J. John Powell |
| Relator term | autor |
| 245 10 - TITLE STATEMENT | |
| Title | ¿Por qué tengo miedo de decirte quien soy? |
| 250 ## - EDITION STATEMENT | |
| Edition statement | 1a. edición |
| 264 #1 - PRODUCTION, PUBLICATION, DISTRIBUTION, MANUFACTURE, AND COPYRIGHT NOTICE | |
| Place of production, publication, distribution, manufacture | México : |
| Name of producer, publisher, distributor, manufacturer | DIANA |
| Date of production, publication, distribution, manufacture, or copyright notice | 2012 |
| 300 ## - PHYSICAL DESCRIPTION | |
| Extent | 155 paginas ; |
| Dimensions | 16 cm. |
| 336 ## - CONTENT TYPE | |
| Content type term | texto |
| Source | rdacontent |
| 337 ## - MEDIA TYPE | |
| Media type term | a sin mediación |
| Source | rdamedia |
| 338 ## - CARRIER TYPE | |
| Carrier type term | volumen |
| Source | rdacarrier |
| 650 ## - SUBJECT ADDED ENTRY--TOPICAL TERM | |
| Topical term or geographic name entry element | Psicología |
| Withdrawn status | Lost status | Source of classification or shelving scheme | Damaged status | Not for loan | Collection code | Home library | Current library | Shelving location | Date acquired | Source of acquisition | Total Checkouts | Full call number | Barcode | Date last seen | Date last checked out | Price effective from | Koha item type |
|---|---|---|---|---|---|---|---|---|---|---|---|---|---|---|---|---|---|
| Dewey Decimal Classification | General | Tehuacán | Tehuacán | Sala general | 26/08/2014 | Compra | 7 | POW | 508814 | 08/01/2025 | 26/01/2023 | 26/08/2014 | Libro |